书目信息 |
| 题名: |
中国全国人大
|
|
| 作者: | 蒋劲松 著 | |
| 分册: | ||
| 出版信息: | 北京 外文出版社 2003 |
|
| 页数: | 15,560页 | |
| 开本: | 24cm | |
| 丛书名: | ||
| 单 册: | ||
| 中图分类: | H31:D621 | |
| 科图分类: | ||
| 主题词: | 人民代表大会制--ren min dai biao da hui zhi--中国--英文 , 人民代表大会制--ren min dai biao da hui zhi , 英语 | |
| 电子资源: | ||
| ISBN: | 7-119-03133-3 | |
| 000 | 00865nam0 2200265 45 | |
| 001 | 012003076776 | |
| 005 | 20120410084846.40 | |
| 010 | @a7-119-03133-3@b精装@dCNY88.00 | |
| 100 | @a20031120d2003 em y0chiy0121 ea | |
| 101 | 0 | @aeng@gchi |
| 102 | @aCN@b110000 | |
| 105 | @ay z 000yy | |
| 200 | 1 | @a中国全国人大@Azhong guo quan guo ren da@e[英文本]@f蒋劲松著 |
| 210 | @a北京@c外文出版社@d2003 | |
| 215 | @a15,560页@d24cm | |
| 300 | @a据在版编目(CIP)数据著录 | |
| 330 | @a本书是英文版的中国全国人大人民代表大会制度内容。 | |
| 510 | 1 | @aThe national people's congress of China@zeng |
| 606 | 0 | @a人民代表大会制@Aren min dai biao da hui zhi@y中国@j英文 |
| 606 | 0 | @a人民代表大会制@Aren min dai biao da hui zhi |
| 606 | 0 | @a英语 |
| 690 | @aH31:D621@v4 | |
| 701 | 0 | @a蒋劲松@Ajiang jin song@4著 |
| 801 | 0 | @aCN@c20061225 |
| 905 | @a10447@dH31:D621@eJ560 | |
| 中国全国人大:[英文本]/蒋劲松著.-北京:外文出版社,2003 |
| 15,560页;24cm |
| 据在版编目(CIP)数据著录 |
| ISBN 7-119-03133-3(精装):CNY88.00 |
| 本书是英文版的中国全国人大人民代表大会制度内容。 |
| ● |
| 相关链接 |
|
|
|
正题名:中国全国人大
索取号:H31:D621/J560
 
预约/预借
| 序号 | 登录号 | 条形码 | 馆藏地/架位号 | 状态 | 备注 |
| 1 | 641525 | 206415253 | 语言库209/209语言库 92排2列1层/ [索取号:H31:D621/J560] | 在馆 |